<?xml version="1.0" encoding="UTF-8"?>
<record
    xmlns:xsi="http://www.w3.org/2001/XMLSchema-instance"
    xsi:schemaLocation="http://www.loc.gov/MARC21/slim http://www.loc.gov/standards/marcxml/schema/MARC21slim.xsd"
    xmlns="http://www.loc.gov/MARC21/slim">

  <leader>00359nam a2200145Ia 4500</leader>
  <controlfield tag="008">150201s2003    xx            000 0 und d</controlfield>
  <datafield tag="082" ind1=" " ind2=" ">
    <subfield code="a">610</subfield>
    <subfield code="b">O2003G</subfield>
  </datafield>
  <datafield tag="100" ind1=" " ind2=" ">
    <subfield code="a">GREEN BURG</subfield>
  </datafield>
  <datafield tag="245" ind1=" " ind2=" ">
    <subfield code="a">ORAL MEDICINE : DIAGNOSIS &amp; TREATMENT</subfield>
  </datafield>
  <datafield tag="250" ind1=" " ind2=" ">
    <subfield code="a">10 TH</subfield>
  </datafield>
  <datafield tag="260" ind1=" " ind2=" ">
    <subfield code="b">B.C.DECKER</subfield>
    <subfield code="a">TORONTO</subfield>
    <subfield code="c">2003</subfield>
  </datafield>
  <datafield tag="300" ind1=" " ind2=" ">
    <subfield code="a">1-658</subfield>
  </datafield>
  <datafield tag="650" ind1=" " ind2=" ">
    <subfield code="a">ORAL MEDICINE</subfield>
  </datafield>
  <datafield tag="942" ind1=" " ind2=" ">
    <subfield code="2">ddc</subfield>
    <subfield code="c">BK</subfield>
    <subfield code="0">52</subfield>
  </datafield>
  <datafield tag="952" ind1=" " ind2=" ">
    <subfield code="0">0</subfield>
    <subfield code="1">0</subfield>
    <subfield code="2">ddc</subfield>
    <subfield code="4">0</subfield>
    <subfield code="7">0</subfield>
    <subfield code="a">FD</subfield>
    <subfield code="b">FD</subfield>
    <subfield code="d">2003-09-13</subfield>
    <subfield code="e">U.B.S.DELHI</subfield>
    <subfield code="g">1595.00</subfield>
    <subfield code="h">1</subfield>
    <subfield code="i">SGTU</subfield>
    <subfield code="l">64</subfield>
    <subfield code="o">610 O2003G</subfield>
    <subfield code="p">FD1383</subfield>
    <subfield code="r">2026-05-27 14:22:55</subfield>
    <subfield code="s">2026-05-27</subfield>
    <subfield code="w">2012-02-25</subfield>
    <subfield code="y">BK</subfield>
    <subfield code="k">555</subfield>
  </datafield>
  <datafield tag="952" ind1=" " ind2=" ">
    <subfield code="0">0</subfield>
    <subfield code="1">0</subfield>
    <subfield code="2">ddc</subfield>
    <subfield code="4">0</subfield>
    <subfield code="7">0</subfield>
    <subfield code="a">FD</subfield>
    <subfield code="b">FD</subfield>
    <subfield code="d">2003-09-13</subfield>
    <subfield code="e">U.B.S.DELHI</subfield>
    <subfield code="g">1595.00</subfield>
    <subfield code="h">1</subfield>
    <subfield code="i">SGTU</subfield>
    <subfield code="l">14</subfield>
    <subfield code="o">610 O2003G</subfield>
    <subfield code="p">FD1384</subfield>
    <subfield code="r">2024-11-21 00:00:00</subfield>
    <subfield code="s">2024-11-05</subfield>
    <subfield code="w">2012-02-25</subfield>
    <subfield code="y">BK</subfield>
    <subfield code="k">555</subfield>
  </datafield>
  <datafield tag="952" ind1=" " ind2=" ">
    <subfield code="0">0</subfield>
    <subfield code="1">0</subfield>
    <subfield code="2">ddc</subfield>
    <subfield code="4">0</subfield>
    <subfield code="7">0</subfield>
    <subfield code="a">FD</subfield>
    <subfield code="b">FD</subfield>
    <subfield code="d">2003-09-13</subfield>
    <subfield code="e">U.B.S.DELHI</subfield>
    <subfield code="g">1595.00</subfield>
    <subfield code="h">1</subfield>
    <subfield code="i">SGTU</subfield>
    <subfield code="l">15</subfield>
    <subfield code="o">610 O2003G</subfield>
    <subfield code="p">FD1385</subfield>
    <subfield code="r">2024-11-06 00:00:00</subfield>
    <subfield code="s">2024-11-05</subfield>
    <subfield code="w">2012-02-25</subfield>
    <subfield code="y">BK</subfield>
    <subfield code="k">555</subfield>
  </datafield>
  <datafield tag="952" ind1=" " ind2=" ">
    <subfield code="0">0</subfield>
    <subfield code="1">0</subfield>
    <subfield code="2">ddc</subfield>
    <subfield code="4">0</subfield>
    <subfield code="7">0</subfield>
    <subfield code="a">FD</subfield>
    <subfield code="b">FD</subfield>
    <subfield code="d">2003-09-13</subfield>
    <subfield code="e">U.B.S.DELHI</subfield>
    <subfield code="g">1595.00</subfield>
    <subfield code="h">1</subfield>
    <subfield code="i">SGTU</subfield>
    <subfield code="l">0</subfield>
    <subfield code="o">610 O2003G</subfield>
    <subfield code="p">FD1386</subfield>
    <subfield code="r">2015-02-09 00:00:00</subfield>
    <subfield code="w">2012-02-25</subfield>
    <subfield code="y">BK</subfield>
    <subfield code="k">555</subfield>
  </datafield>
  <datafield tag="999" ind1=" " ind2=" ">
    <subfield code="c">2819</subfield>
    <subfield code="d">2819</subfield>
  </datafield>
</record>
